Le nid du coucou (Record no. 5113)

MARC details
000 -CABECERA
campo de control de longitud fija 03101nam a22002777a 4500
008 - DATOS DE LONGITUD FIJA--INFORMACIÓN GENERAL
campo de control de longitud fija 251028b |||||||| |||| 00| 0 eng d
020 ## - NÚMERO INTERNACIONAL ESTÁNDAR DEL LIBRO
Número Internacional Estándar del Libro 9782330191122
040 ## - FUENTE DE LA CATALOGACIÓN
Centro/agencia transcriptor tbs
041 ## - CÓDIGO DE LENGUA
Código de lengua original swe
100 ## - ENTRADA PRINCIPAL--NOMBRE DE PERSONA
Nombre de persona Läckberg, Camilla
Fechas asociadas al nombre 1974-
9 (RLIN) 26342
Término indicativo de función/relación author
240 ## - TÍTULO UNIFORME
Título uniforme Gökungen.
Lenguaje de la obra French
245 ## - MENCIÓN DE TÍTULO
Título Le nid du coucou
Mención de responsabilidad, etc. / Camilla Läckberg ; translated by Susanne Juul, Andreas Saint-Bonnet.
260 ## - PUBLICACIÓN, DISTRIBUCIÓN, ETC.
Lugar de publicación, distribución, etc. Arles :
Nombre del editor, distribuidor, etc. Actes Sud,
Fecha de publicación, distribución, etc. 2024.
300 ## - DESCRIPCIÓN FÍSICA
Extensión 418 pages ;
Dimensiones 24 cm.
520 ## - SUMARIO, ETC.
Sumario, etc. Sur sa petite île privée au large de Fjällbacka, le couple Bauer fête ses noces d'or, entouré de ses proches. Henning Bauer est l'un des plus célèbres écrivains suédois et l'académie Nobel est sur le point de consacrer son immense talent. Mais deux événements terribles viennent contrecarrer cette reconnaissance, qui peut-être ne serait pas si méritée. Un ami photographe qui prépare une rétrospective devant se clôturer par une œuvre intitulée Culpabilité est retrouvé assassiné. Le lendemain, le fils Bauer et ses deux garçons sont tués dans leur sommeil. Tandis que l'enquête de Patrik Hedström et ses collègues piétine, Erica Falck se plonge dans un cold case qui l'intrigue: la mort d'un transgenre à Stockholm dans les années 1980. Elle comprend peu à peu que le passé étend ses tentacules jusque dans le présent, et que de vieux péchés laissent de longues ombres derrière eux. Promesse tenue pour ce retour aux sources tant attendu de Camilla Läckberg--la magie opère toujours, la reine incontestée du polar scandinave est au sommet de son art.
520 ## - SUMARIO, ETC.
Sumario, etc. On their small private island off the coast of Fjällbacka, the Bauer couple is celebrating their golden wedding anniversary surrounded by loved ones. Henning Bauer is one of Sweden’s most famous authors, and the Nobel Academy is about to honor his immense talent. But two terrible events suddenly jeopardize this long-awaited recognition—one that perhaps isn’t as deserved as it seems.<br/><br/>A photographer friend, preparing a retrospective set to conclude with a work titled Guilt, is found murdered. The next day, the Bauer son and his two boys are killed in their sleep.<br/><br/>While Patrik Hedström and his colleagues struggle to make progress in the investigation, Erica Falck immerses herself in an intriguing cold case: the death of a transgender person in Stockholm in the 1980s. Little by little, she realizes that the past is reaching into the present, and that old sins cast long shadows.<br/><br/>A triumphant return to her roots—Camilla Läckberg’s magic is as powerful as ever, and the undisputed queen of Nordic crime fiction is at the top of her game.
650 #0 - PUNTO DE ACCESO ADICIONAL DE MATERIA--TÉRMINO DE MATERIA
Término de materia o nombre geográfico como elemento de entrada Cold cases (Criminal investigation)
Subdivisión de forma Fiction
9 (RLIN) 26343
650 #0 - PUNTO DE ACCESO ADICIONAL DE MATERIA--TÉRMINO DE MATERIA
Término de materia o nombre geográfico como elemento de entrada Homosexuality
Subdivisión de forma Fiction
9 (RLIN) 26344
650 #0 - PUNTO DE ACCESO ADICIONAL DE MATERIA--TÉRMINO DE MATERIA
Término de materia o nombre geográfico como elemento de entrada Murder
Subdivisión general Investigation
Subdivisión de forma Fiction
9 (RLIN) 7769
650 #0 - PUNTO DE ACCESO ADICIONAL DE MATERIA--TÉRMINO DE MATERIA
Término de materia o nombre geográfico como elemento de entrada Photographers
Subdivisión general Crimes against
Subdivisión de forma Fiction
9 (RLIN) 26345
650 #0 - PUNTO DE ACCESO ADICIONAL DE MATERIA--TÉRMINO DE MATERIA
Término de materia o nombre geográfico como elemento de entrada Secrecy
Subdivisión de forma Fiction
9 (RLIN) 25722
650 #0 - PUNTO DE ACCESO ADICIONAL DE MATERIA--TÉRMINO DE MATERIA
Término de materia o nombre geográfico como elemento de entrada Male-to-female transsexuals
Subdivisión general Crimes against
Subdivisión de forma Fiction
9 (RLIN) 26346
651 #0 - PUNTO DE ACCESO ADICIONAL DE MATERIA--NOMBRE GEOGRÁFICO
Nombre geográfico Stockholm (Sweden)
Subdivisión de forma Fiction
9 (RLIN) 26347
655 #0 - TÉRMINO DE INDIZACIÓN--GÉNERO/FORMA
Datos o término principal de género/forma Thrillers (Fiction)
9 (RLIN) 22669
942 ## - ELEMENTOS DE ENTRADA AGREGADA (KOHA)
Fuente del sistema de clasificación o colocación Clasificación de Library of Congress
Holdings
Estado de retiro Estado de pérdida Fuente del sistema de clasificación o colocación Estado dañado No para préstamo Biblioteca de origen Biblioteca actual Fecha de adquisición Total de préstamos Signatura topográfica completa Código de barras Fecha visto por última vez Número de copia Precio válido a partir de Tipo de ítem Koha
    Clasificación de Library of Congress     TBS Barcelona TBS Barcelona 28/10/2025   P-FR LAC B06049 28/10/2025 1 28/10/2025 Book

Powered by Koha